[Event "CZE-chT2B 0910"]
[Site "Czech Republic"]
[Date "2010.03.14"]
[Round "9.4"]
[White "Chochol, Libor"]
[Black "Simek, Petr"]
[Result "0-1"]
[WhiteElo "2182"]
[BlackElo "2269"]
[PlyCount "142"]
[EventDate "2009.10.18"]
[EventType "team-tourn"]
[EventRounds "11"]
[EventCountry "CZE"]
[SourceTitle "EXT 2012"]
[Source "ChessBase"]
[SourceDate "2011.11.24"]
[SourceVersion "1"]
[SourceVersionDate "2011.11.24"]
[SourceQuality "1"]
[WhiteTeam "Usti nad Labem"]
[BlackTeam "Praha Kobylisy"]
[WhiteTeamCountry "CZE"]
[BlackTeamCountry "CZE"]

1. d4 d5 2. Nf3 Nf6 3. c4 c6 4. Nc3 e6 5. Bg5 h6 6. Bxf6 Qxf6 7. e3 g6 8. Rc1 Nd7 9. Bd3 Bg7 10. 0-0 0-0 11. cxd5 exd5 12. b4 Qd6 13. Qb3 a6 14. a4 Nb6 15. a5 Nd7 16. Na4 Re8 17. h3 Nf8 18. Nd2 Be6 19. f4 Bxh3 20. Rce1 Bg4 21. Nf3 Bxf3 22. Rxf3 f5 23. Qc3 Re7 24. Nc5 Rae8 25. Bb1 Nh7 26. Nd3 h5 27. Ne5 Bxe5 28. dxe5 Qb8 29. Rg3 Kf7 30. Qd3 Qc8 31. Kf2 Rg8 32. Rh1 Rg7 33. Rgh3 Kg8 34. Ba2 Nf8 35. Rc1 Qe8 36. Rhh1 Ne6 37. g3 Rc7 38. Rhd1 Qe7 39. Qd2 Kf8 40. Rb1 Ke8 41. Qe2 Qf8 42. Rb2 Rgd7 43. Qc2 Kd8 44. Kg2 Kc8 45. Qe2 Kb8 46. Rh1 Rc8 47. Rc1 Qe7 48. Qf2 Rcd8 49. Rh1 Nc7 50. Rd1 Nb5 51. Rd3 Nd6 52. Qe1 Rh8 53. Kf1 Ne4 54. Rh2 g5 55. Bb3 Rdd8 56. Bd1 h4 57. gxh4 g4 58. h5 Rdg8 59. Rb3 Rh6 60. Rbb2 Rgh8 61. Bc2 Rxh5 62. Rxh5 Rxh5 63. Bxe4 dxe4 64. Rg2 Rh1+ 65. Rg1 Qh7 66. Qg3 Rh3 67. Qe1 Qd7 68. Kf2 Qd3 69. Rg3 Qc2+ 70. Kf1 Rh1+ 71. Rg1 Rh2 0-1

[Event "CZE-chT2B 0910"]
[Site "Czech Republic"]
[Date "2010.02.14"]
[Round "7.5"]
[White "Sisak, Richard"]
[Black "Chochol, Libor"]
[Result "1/2-1/2"]
[WhiteElo "2060"]
[BlackElo "2182"]
[PlyCount "92"]
[EventDate "2009.10.18"]
[EventType "team-tourn"]
[EventRounds "11"]
[EventCountry "CZE"]
[SourceTitle "EXT 2012"]
[Source "ChessBase"]
[SourceDate "2011.11.24"]
[SourceVersion "1"]
[SourceVersionDate "2011.11.24"]
[SourceQuality "1"]
[WhiteTeam "Jirkov"]
[BlackTeam "Usti nad Labem"]
[WhiteTeamCountry "CZE"]
[BlackTeamCountry "CZE"]

1. d4 f5 2. Bg5 Nf6 3. Bxf6 exf6 4. e3 d5 5. Bd3 Be6 6. Nd2 Bd6 7. c3 Nc6 8. Qc2 Ne7 9. Ne2 Qd7 10. a3 Bf7 11. c4 c6 12. Nc3 g6 13. b4 0-0 14. c5 Bc7 15. g3 b6 16. Nb3 b5 17. a4 a6 18. a5 Kg7 19. 0-0-0 h5 20. Nd2 Ng8 21. Nf3 Nh6 22. Nh4 Be6 23. Ng2 Bf7 24. Nh4 Rae8 25. h3 Be6 26. Ne2 g5 27. Ng2 Bf7 28. Rdg1 Bg6 29. Ne1 Kf7 30. Nf3 Rg8 31. Nd2 Re7 32. Nf1 Ke8 33. Kb2 Reg7 34. Nd2 Kd8 35. Nf3 Qe8 36. Ne1 Rf8 37. Ng2 Qe6 38. Kc3 Ng8 39. Kb2 Ne7 40. Kc3 Rfg8 41. Kb2 Bf7 42. Kc3 Qd7 43. Kb2 Be6 44. h4 Rh8 45. Kc3 Qe8 46. Kb2 Qd7 1/2-1/2

[Event "CZE-chT1W 0910"]
[Site "Czech Republic"]
[Date "2009.11.29"]
[Round "4.8"]
[White "Vacek, Miroslav"]
[Black "Chochol, Libor"]
[Result "1/2-1/2"]
[WhiteElo "1988"]
[BlackElo "2182"]
[PlyCount "120"]
[EventDate "2009.10.11"]
[EventType "team-tourn"]
[EventRounds "11"]
[EventCountry "CZE"]
[SourceTitle "EXT 2011"]
[Source "ChessBase"]
[SourceDate "2010.11.26"]
[SourceVersion "1"]
[SourceVersionDate "2010.11.26"]
[SourceQuality "1"]
[WhiteTeam "Ceske Budejovice"]
[BlackTeam "Teplice"]
[WhiteTeamCountry "CZE"]
[BlackTeamCountry "CZE"]

1. g3 Nf6 2. Bg2 d5 3. Nf3 e6 4. 0-0 Be7 5. b3 c5 6. d3 Nc6 7. Nbd2 e5 8. e4 0-0 9. exd5 Nxd5 10. Bb2 f6 11. Nc4 Be6 12. Ne3 Qd7 13. Nd2 Nc7 14. f4 exf4 15. Rxf4 f5 16. Nec4 Nd5 17. Rf2 Bf6 18. Bxf6 Rxf6 19. Qf3 Rd8 20. Re1 Ndb4 21. Nb1 f4 22. gxf4 Bd5 23. Qh3 Qxh3 24. Bxh3 Rdf8 25. a3 Na6 26. Nc3 Rg6+ 27. Kf1 Bxc4 28. dxc4 Nd4 29. Nd5 Rh6 30. Ne7+ Kh8 31. Bc8 Nc7 32. f5 b6 33. Bd7 Rhf6 34. Re5 g6 35. Ba4 Nxf5 36. Nxf5 Rxf5 37. Rexf5 Rxf5 38. Rxf5 gxf5 39. Bd7 Kg7 40. Bxf5 h6 41. Bd7 Kf6 42. Kf2 Ke7 43. Bg4 Kf6 44. Bd7 Ke7 45. Bh3 Kf6 46. Kg3 Ke5 47. Kh4 Kf6 48. Kh5 Kg7 49. Bd7 Na6 50. c3 Nc7 51. b4 Na6 52. b5 Nc7 53. h3 Na8 54. Kg4 Kf6 55. Kf3 Nc7 56. Ke4 Ke7 57. Bc8 Ne8 58. Kd5 Nf6+ 59. Kc6 Ne4 60. Bf5 Nd2 1/2-1/2

[Event "CZE-chT2B 0910"]
[Site "Czech Republic"]
[Date "2009.11.22"]
[Round "3.4"]
[White "Chochol, Libor"]
[Black "Pliva, Vojtech"]
[Result "1-0"]
[WhiteElo "2182"]
[BlackElo "2056"]
[PlyCount "99"]
[EventDate "2009.10.18"]
[EventType "team-tourn"]
[EventRounds "11"]
[EventCountry "CZE"]
[SourceTitle "EXT 2012"]
[Source "ChessBase"]
[SourceDate "2011.11.24"]
[SourceVersion "1"]
[SourceVersionDate "2011.11.24"]
[SourceQuality "1"]
[WhiteTeam "Usti nad Labem"]
[BlackTeam "Kladno"]
[WhiteTeamCountry "CZE"]
[BlackTeamCountry "CZE"]

1. d4 Nf6 2. Nf3 e6 3. g3 d5 4. Bg2 Nbd7 5. 0-0 Bd6 6. c4 c6 7. cxd5 exd5 8. Nc3 0-0 9. Qc2 Re8 10. Nh4 g6 11. Bg5 Be7 12. Rae1 Nf8 13. h3 Ne4 14. Bxe7 Qxe7 15. Kh2 g5 16. Nf3 Bf5 17. Qc1 f6 18. Nd2 Ng6 19. Ndxe4 Bxe4 20. f3 Bf5 21. e4 dxe4 22. fxe4 Bd7 23. Qe3 Kg7 24. Qf2 Rf8 25. Bf3 h5 26. h4 gxh4 27. Bxh5 Rh8 28. g4 Raf8 29. Qe3 Be6 30. Bxg6 Kxg6 31. Ne2 Rh6 32. e5 Kh7 33. Nf4 Bc4 34. Rf2 Rg8 35. Nh5 fxe5 36. dxe5 Rgg6 37. Nf6+ Kg7 38. g5 Rh8 39. e6 Rd8 40. Qe5 Kh8 41. Nd5+ Qg7 42. e7 Re8 43. Nc7 Qxe5+ 44. Rxe5 Rxg5 45. Rf8+ Kh7 46. Rxg5 Rxe7 47. Ne8 Bxa2 48. Nf6+ Kh6 49. Rg2 Re6 50. Rh8# 1-0

[Event "CZE-chT2b 0607"]
[Site "Czech Republic"]
[Date "2007.03.11"]
[Round "9"]
[White "Chochol, Libor"]
[Black "Hlavac, Rudolf"]
[Result "0-1"]
[WhiteElo "2125"]
[BlackElo "2085"]
[PlyCount "82"]
[EventDate "2006.10.15"]
[EventType "team"]
[EventRounds "11"]
[EventCountry "CZE"]
[SourceTitle "EXT 2009"]
[Source "ChessBase"]
[SourceDate "2008.11.26"]
[SourceVersion "1"]
[SourceVersionDate "2008.11.26"]
[SourceQuality "1"]

1. d4 Nf6 2. c4 g6 3. Nc3 d5 4. Bf4 Bg7 5. Nf3 0-0 6. e3 c5 7. dxc5 Be6 8. Nd4 Nc6 9. Be2 Nxd4 10. exd4 dxc4 11. Be5 Nd5 12. Bxg7 Nxc3 13. bxc3 Kxg7 14. h4 Bd5 15. Kf1 b6 16. cxb6 axb6 17. Qd2 h6 18. f4 Qd6 19. Rh3 Qf6 20. Kg1 Ra5 21. Rb1 Rfa8 22. Rb2 b5 23. h5 Be4 24. hxg6 fxg6 25. Qe3 Bd3 26. Bf3 R8a6 27. Bb7 Rxa2 28. Rxa2 Rxa2 29. Bf3 Ra1+ 30. Kh2 Bf5 31. g4 Ra2+ 32. Kg3 Qe6 33. Qe5+ Qxe5 34. fxe5 Bd7 35. Be4 h5 36. Rh1 Bxg4 37. Bd5 Rc2 38. Rb1 Rxc3+ 39. Kf2 Rb3 40. Rxb3 cxb3 41. Bxb3 h4 0-1

[Event "CZE-chT2b 0607"]
[Site "Czech Republic"]
[Date "2007.02.25"]
[Round "8"]
[White "Gutman, Petr"]
[Black "Chochol, Libor"]
[Result "1/2-1/2"]
[WhiteElo "2172"]
[BlackElo "2125"]
[PlyCount "64"]
[EventDate "2006.10.15"]
[EventType "team"]
[EventRounds "11"]
[EventCountry "CZE"]
[SourceTitle "EXT 2009"]
[Source "ChessBase"]
[SourceDate "2008.11.26"]
[SourceVersion "1"]
[SourceVersionDate "2008.11.26"]
[SourceQuality "1"]

1. c4 f5 2. Nc3 Nf6 3. g3 e5 4. Bg2 g6 5. d3 Bg7 6. e4 d6 7. Nge2 c6 8. 0-0 0-0 9. h3 Na6 10. Rb1 Nc7 11. f4 Kh8 12. Kh2 Be6 13. b3 Qd7 14. exf5 gxf5 15. fxe5 dxe5 16. d4 exd4 17. Nxd4 Ng4+ 18. hxg4 Qxd4 19. Qxd4 Bxd4 20. Ne2 Bg7 21. Ba3 Rf7 22. Rbd1 f4 23. Rxf4 Rxf4 24. Nxf4 Bxg4 25. Rd2 Bf6 26. Bh3 Bxh3 27. Kxh3 Rd8 28. Rxd8+ Bxd8 29. Bd6 Kg8 30. Kg4 Kf7 31. Kf5 Ne8 32. Be5 Be7 1/2-1/2

[Event "CZE-chT2b 0506"]
[Site "Czech Republic"]
[Date "2006.03.12"]
[Round "9"]
[White "Chochol, Libor"]
[Black "Mrnka, Jan"]
[Result "1/2-1/2"]
[WhiteElo "2135"]
[BlackElo "1990"]
[PlyCount "109"]
[EventDate "2005.10.16"]
[EventType "team"]
[EventRounds "11"]
[EventCountry "CZE"]
[SourceTitle "EXT 2009"]
[Source "ChessBase"]
[SourceDate "2008.11.26"]
[SourceVersion "1"]
[SourceVersionDate "2008.11.26"]
[SourceQuality "1"]

1. d4 d5 2. c4 c6 3. Nc3 Nf6 4. Nf3 e6 5. Bg5 Bb4 6. cxd5 exd5 7. Rc1 Nbd7 8. a3 Bxc3+ 9. Rxc3 0-0 10. e3 Qe8 11. Bf4 Ne4 12. Rc2 Ndf6 13. Ne5 Bf5 14. f3 Nd6 15. Rc3 Nh5 16. Kf2 Nxf4 17. exf4 f6 18. Nd3 Qh5 19. g4 Qh4+ 20. Kg2 Bxd3 21. Bxd3 Rae8 22. Rc2 Re3 23. Re2 Rxe2+ 24. Qxe2 Re8 25. Qf2 Qh6 26. Kg3 g5 27. fxg5 fxg5 28. Kg2 Qe6 29. h4 Nf7 30. hxg5 Nxg5 31. Qh4 h6 32. Qxh6 Qxh6 33. Rxh6 Re3 34. Rg6+ Kf7 35. Rxg5 Rxd3 36. Rh5 Rd2+ 37. Kg3 Rxb2 38. Kf4 Kg6 39. Re5 Rd2 40. Re7 Kf6 41. Rxb7 Rxd4+ 42. Kg3 a5 43. Rb6 Rc4 44. f4 Rc3+ 45. Kf2 Ke6 46. Ra6 Rc4 47. Ke3 a4 48. Ra8 Rc3+ 49. Kd4 Rxa3 50. Rh8 Rf3 51. f5+ Kd6 52. Rh6+ Kd7 53. Ke5 a3 54. Rh7+ Ke8 55. Ra7 1/2-1/2

[Event "CZE-chT2b 0506"]
[Site "Czech Republic"]
[Date "2006.02.26"]
[Round "8.5"]
[White "Novy, Daniel"]
[Black "Chochol, Libor"]
[Result "1/2-1/2"]
[WhiteElo "2075"]
[BlackElo "2135"]
[PlyCount "39"]
[EventDate "2005.10.16"]
[EventType "team"]
[EventRounds "11"]
[EventCountry "CZE"]
[SourceTitle "EXT 2009"]
[Source "ChessBase"]
[SourceDate "2008.11.26"]
[SourceVersion "1"]
[SourceVersionDate "2008.11.26"]
[SourceQuality "1"]

1. e4 c5 2. Nf3 e6 3. d4 cxd4 4. Nxd4 Qb6 5. Nb3 Nc6 6. Be3 Qc7 7. Bd3 Nf6 8. 0-0 Be7 9. Nc3 d6 10. f4 h5 11. h3 h4 12. Be2 a6 13. a4 b6 14. Bf3 Bb7 15. Qe2 g6 16. Rfd1 Nh5 17. Qf2 Bd8 18. Qd2 Be7 19. Qf2 Bd8 20. Qd2 1/2-1/2

[Event "CZE-chT2b 0506"]
[Site "Czech Republic"]
[Date "2006.01.15"]
[Round "6"]
[White "Chochol, Libor"]
[Black "Purnoch, Josef"]
[Result "0-1"]
[WhiteElo "2135"]
[BlackElo "2188"]
[PlyCount "79"]
[EventDate "2005.10.16"]
[EventType "team"]
[EventRounds "11"]
[EventCountry "CZE"]
[SourceTitle "EXT 2009"]
[Source "ChessBase"]
[SourceDate "2008.11.26"]
[SourceVersion "1"]
[SourceVersionDate "2008.11.26"]
[SourceQuality "1"]

1. d4 Nf6 2. c4 c5 3. d5 e6 4. Nc3 exd5 5. cxd5 d6 6. e4 g6 7. Bd3 Bg7 8. h3 0-0 9. Nf3 Bd7 10. 0-0 b5 11. Nxb5 Bxb5 12. Bxb5 Nxe4 13. Qc2 Nf6 14. Rd1 Nbd7 15. Rb1 Rb8 16. Bxd7 Qxd7 17. b3 Rfe8 18. Bb2 Re7 19. Bxf6 Bxf6 20. Re1 Rb4 21. Rxe7 Qxe7 22. Re1 Qb7 23. Qd2 Kg7 24. Rd1 a5 25. Qe3 a4 26. Rd3 Qa8 27. Kh2 axb3 28. axb3 Qa1 29. Nd2 Bd4 30. Qf3 Qe1 31. Ne4 Be5+ 32. Ng3 Rf4 33. Qe3 Qxf2 34. Qxf2 Rxf2 35. Kg1 Bxg3 36. Rxg3 Rd2 37. Kf1 Rxd5 38. Ke2 f5 39. Rf3 Rd4 40. Rf1 0-1

[Event "CZE-chT2b 0506"]
[Site "Czech Republic"]
[Date "2005.12.04"]
[Round "4"]
[White "Misicko, Jan"]
[Black "Chochol, Libor"]
[Result "0-1"]
[WhiteElo "2065"]
[BlackElo "2135"]
[PlyCount "50"]
[EventDate "2005.10.16"]
[EventType "team"]
[EventRounds "11"]
[EventCountry "CZE"]
[SourceTitle "EXT 2009"]
[Source "ChessBase"]
[SourceDate "2008.11.26"]
[SourceVersion "1"]
[SourceVersionDate "2008.11.26"]
[SourceQuality "1"]

1. c4 f5 2. b3 e5 3. Bb2 d6 4. e3 Nf6 5. Ne2 Be6 6. d4 Nbd7 7. Qc2 g6 8. Nd2 c6 9. Nf3 Qc7 10. Ng5 Bg8 11. Nc3 h6 12. Nf3 0-0-0 13. Be2 g5 14. b4 exd4 15. Nxd4 f4 16. exf4 gxf4 17. Qa4 Re8 18. 0-0 Nb6 19. Qxa7 Nxc4 20. Bxc4 Bxc4 21. Na4 Bxf1 22. Nb6+ Kd8 23. Nxc6+ Qxc6 24. Bxf6+ Kc7 25. Bxh8 Qxg2# 0-1

[Event "CZE-chT2b 0506"]
[Site "Czech Republic"]
[Date "2005.10.16"]
[Round "1"]
[White "Janda, Zdenek"]
[Black "Chochol, Libor"]
[Result "1/2-1/2"]
[WhiteElo "2165"]
[BlackElo "2135"]
[PlyCount "124"]
[EventDate "2005.10.16"]
[EventType "team"]
[EventRounds "11"]
[EventCountry "CZE"]
[SourceTitle "EXT 2009"]
[Source "ChessBase"]
[SourceDate "2008.11.26"]
[SourceVersion "1"]
[SourceVersionDate "2008.11.26"]
[SourceQuality "1"]

1. c4 e5 2. Nc3 f5 3. e3 Nf6 4. d4 e4 5. Nh3 c6 6. Be2 Na6 7. Nf4 Nc7 8. 0-0 d5 9. cxd5 cxd5 10. Qb3 Be7 11. Bd2 g5 12. Nh5 0-0 13. Nxf6+ Rxf6 14. f3 Rb6 15. Qd1 Rh6 16. fxe4 fxe4 17. Bg4 Qd6 18. g3 Be6 19. Bf5 Rf6 20. Bxe6+ Qxe6 21. Rxf6 Bxf6 22. Qb3 b6 23. Rf1 Be7 24. Qa4 a6 25. a3 b5 26. Qb3 Rd8 27. Ne2 Rf8 28. Rxf8+ Bxf8 29. Ba5 Ne8 30. Nc3 Kg7 31. Qxd5 Qxd5 32. Nxd5 Nd6 33. Kf2 Nc4 34. Bc3 Bd6 35. Bb4 Bxb4 36. Nxb4 Nxb2 37. Nxa6 Nc4 38. Nc5 Nxa3 39. Nxe4 h6 40. Ke2 Kf7 41. Kd3 b4 42. Nc5 Ke7 43. e4 Kd6 44. g4 Kc6 45. e5 Kd5 46. e6 Nb5 47. e7 Nd6 48. Nb7 Ne8 49. Nd8 Kd6 50. Nf7+ Kxe7 51. Nxh6 Ke6 52. Kc4 Nd6+ 53. Kxb4 Kd5 54. Kc3 Nb5+ 55. Kd3 Nxd4 56. Nf7 Nf3 57. h3 Ne5+ 58. Nxe5 Kxe5 59. Ke3 Kd5 60. Kf3 Ke5 61. Kg2 Ke6 62. Kg3 Kf6 1/2-1/2

[Event "CZE-chT2b 0001"]
[Site "Czech Republic"]
[Date "2001.??.??"]
[Round "?"]
[White "Chochol, Libor"]
[Black "Rohan, Michal"]
[Result "1/2-1/2"]
[WhiteElo "2160"]
[BlackElo "2045"]
[PlyCount "90"]
[EventDate "2000.??.??"]
[EventType "team"]
[EventRounds "11"]
[EventCountry "CZE"]
[SourceTitle "EXT 2003"]
[Source "ChessBase"]
[SourceDate "2002.11.25"]
[SourceVersion "1"]
[SourceVersionDate "2002.11.25"]
[SourceQuality "1"]

1. d4 Nf6 2. Nf3 g6 3. c4 Bg7 4. Nc3 0-0 5. e4 d6 6. h3 c5 7. Be3 cxd4 8. Nxd4 Nc6 9. Nc2 Qa5 10. Qd2 Be6 11. Be2 Rac8 12. Rc1 Nd7 13. Na1 a6 14. f4 Nc5 15. Nb3 Nxb3 16. axb3 Qb4 17. Bd1 b5 18. cxb5 axb5 19. Nd5 Qxd2+ 20. Bxd2 Bxd5 21. exd5 Nd4 22. b4 Rxc1 23. Bxc1 Ra8 24. Kd2 Ra1 25. Re1 Kf8 26. Re3 Bh6 27. Re4 Bg7 28. g4 f5 29. Re3 fxg4 30. hxg4 Bh6 31. g5 Bg7 32. Ra3 Rxa3 33. bxa3 e5 34. dxe6 Ke7 35. Kd3 Nxe6 36. Ke2 Nc7 37. Bb3 h6 38. gxh6 Bxh6 39. Be3 Ne6 40. Kf3 Bg7 41. Ke4 Bb2 42. a4 bxa4 43. Bxa4 Bc3 44. b5 Nc5+ 45. Bxc5 dxc5 1/2-1/2